000 00509nam a22002057a 4500
005 20160809153000.0
008 160729b xxu||||| |||| 00| 0 eng d
020 _a9788126715022
_c295.00
040 _aLoreto College
041 _aHindi
082 _a891.433
_bRAZ
100 _aRaza,Rahi Masoom
245 _aAadha gaon
_cRahi Masoom Raza
250 _a14th ed
260 _aNew Delhi
_bRajkamal Prakashan
_c2015
300 _a344p
_b22cm
650 _aHindi fiction
850 _aLCLIB
942 _cBK
999 _c40714
_d91193